Herliansky gejzír

Bibliographic Details
Main Author: Krčmáriková, Lea (Author)
Corporate Author: Tlačová agentúra Slovenskej republiky (fot)
Format: Article
Language:Slovak
Subjects:

MARC

LEADER 00000nab a2200000 a 4500
001 vtls000931956
003 SK-MaSNL
005 20260303210729.0
008 040720e20030728xo 0 slo
035 |a KE40833 
040 |a KEVKJB  |b slo  |c KEVKJB  |e AACR2 
041 0 |a slo 
044 |a xo  |c SK 
080 |a 394.26  |2 1981 
080 |a 551.23  |2 1981 
100 1 |a Krčmáriková, Lea  |4 aut  |9 858855 
245 1 0 |a Herliansky gejzír 
650 0 7 |a voľný čas  |2 KEVKJB  |9 3355 
650 0 7 |a kultúrne pamiatky  |2 KEVKJB  |9 2862 
651 7 |a Herliansky gejzír (Herľany, Slovensko)  |2 KEVKJB  |9 162091 
651 7 |a Košice (Slovensko)  |2 KEVKJB  |9 18694 
651 7 |a KE,  |2 KEVKJB  |9 877256 
655 7 |a periodikum  |2 snkbucl  |9 29553 
710 2 |a Tlačová agentúra Slovenskej republiky  |4 fot  |9 177619 
773 0 8 |t Pravda  |g Roč. 13, č.172, 28.7.2003, s. 22 
773 0 8 |i Príl.:  |t Leto 
852 |a ZVYKNI  |b KIS3GCP 
999 |c 2201417  |d 2203347